| 000 | 00824nam a2200253 a 4500 | ||
|---|---|---|---|
| 005 | 20141202084356.0 | ||
| 008 | 140123b2003 ck ||||| |||| 00| 0 spa d | ||
| 040 | _cCO-BoIH | ||
| 041 | _aspa | ||
| 044 | _ack | ||
| 090 |
_aIAVH _b00330 |
||
| 100 |
_aAldana Domínguez, Juanita _93369 |
||
| 245 |
_aConservación y uso sostenible del Chigüiro (Hydrochaeris hydrochaeris) en el departamento del Casanare Colombia _binforme final de resultados |
||
| 260 |
_aBogotá _bInstituto Humboldt _bMinambiente _c2003 |
||
| 300 | _a116 p. | ||
| 700 |
_aVieira, María Isabel _92334 |
||
| 700 |
_aAngel, Dafna Camila _92604 |
||
| 700 |
_aPayan, Carlos Esteban _94847 |
||
| 700 |
_aLozada , Paola Andrea _92329 |
||
| 700 |
_aRamirez, Gloria _94848 |
||
| 700 |
_aCastro, Gustavo _92592 |
||
| 942 |
_cINFORME _2z |
||
| 945 | _d2005-05-25 | ||
| 999 |
_c4527 _d4527 |
||